000 01693nam2a2200289 i 4500
001 RU\NLR\bibl\1886349
005 20240921094105.0
021 _aRU
_b2012-18755
_91412
035 _a(NLR Aleph) 001876085
090 _a2726913
_c2726913
100 _a20120402d2011 u y0rusy50 ca
101 0 _arus
102 _aRU
105 _ay |||||||||
200 0 _aЧ. 2
_fС.Е. Иванова, М.Ю. Иванов
210 _d2011
215 _a166 с.
320 _aБиблиогр.: с. 164-166
461 0 _1001RU\NLR\bibl\1520338
_12001#$aКоммерческая эксплуатация морского транспорта$vЧ. 2
_984642
_aИванова, С. Е. (канд. экон. наук, морской транспорт)
_cНовороссийск
_d2009
_fС.Е. Иванова
_nМорская государственная академия
_oучебное пособие : для студентов высших учебных заведений по специальности 080502 "Экономика и управление на предприятии транспорта"
_tКоммерческая эксплуатация морского транспорта
_vЧ. 2
701 1 _4070
_7ca
_8rus
_aИванова
_bС. Е.
_cканд. экон. наук, морской транспорт
_gСветлана Ефимовна
_914707
_3RU\NLR\AUTH\7731697
701 1 _4070
_7ca
_8rus
_aИванов
_bМ. Ю.
_cканд. экон. наук, морской транспорт
_gМаксим Юрьевич
_914635
_3RU\NLR\AUTH\7731625
801 0 _aRU
_bNLR
_c20120402
_gRCR
801 1 _aRU
_bNLR
_c20120402
942 _cBOOK
980 _aNBR